The Supreme Court and the Commander in Chief /

Saved in:
Bibliographic Details
Main Author: Rossiter, Clinton, 1917-1970
Other Authors: Longaker, Richard P.
Format: Book
Language:English
Published: Ithaca, N.Y. : Cornell University Press, 1976.
Edition:Expanded ed. /
Subjects:
LEADER 01119nam a2200277 i 4500
001 c000377466
003 CARM
005 00000000000000.0
008 760616s1976 nyu b 00110 eng
019 1 |a 762806  |5 LACONCORD2021 
020 |a 0801410525.  |a 0801491614 (pbk.) 
035 |a (OCoLC)2587625  |5 LACONCORD2021 
043 |a n-us--- 
050 0 0 |a KF7220.Z9  |b R6 1976 
100 1 |a Rossiter, Clinton,  |d 1917-1970 
245 1 4 |a The Supreme Court and the Commander in Chief /  |c by Clinton Rossiter. 
250 |a Expanded ed. /  |b with an introductory note and additional text by Richard P. Longaker. 
260 |a Ithaca, N.Y. :  |b Cornell University Press,  |c 1976. 
300 |a xxiii, 231 p. ;  |c 22 cm. 
504 |a Includes bibliographical references and index. 
650 0 |a War and emergency powers  |z United States. 
700 1 |a Longaker, Richard P., 
852 8 |b CARM  |h A1:AL22B0  |i B10112  |p 0452267  |f BK 
082 0 4 |a 342/.73/062 
999 f f |i a2acd1a3-63e5-5d31-99d3-4d6e59ae9e06  |s bc4de066-5cc2-5c1a-a475-7ed429645655 
952 f f |p Can circulate  |a CAVAL  |b CAVAL  |c CAVAL  |d CARM 1 Store  |e B10112  |f A1:AL22B0  |h Other scheme  |i book  |m 0452267